| 000 | 00539nam a22001697a 4500 | ||
|---|---|---|---|
| 999 |
_c9394 _d9394 |
||
| 008 | 210409b ||||| |||| 00| 0 eng d | ||
| 040 | _aBMS College of Architecture | ||
| 100 | _aChacko, K Betty | ||
| 245 | _aTo shape the growth of Bangalore through TOD concepts | ||
| 300 | _a183p. | ||
| 500 | _a1BM11AHD02 | ||
| 502 |
_8M.Arch _NBMS College of Architecture, Visvesvaraya Technological University _aDissertation _d2013 |
||
| 650 | _aBangalore | ||
| 700 |
_aShantala V _eGudie |
||
| 700 |
_aMadhu Chand K R _eGuide |
||
| 942 |
_2ddc _cPGTHE |
||